000 00806nam a2200241 a 4500
008 951121s1986||||[C 0 slo c
020 _c21 Kčs.
_q(11000 výtl.)
040 _aSNK
_bslo
_cSNK
_eAACR2
041 1 _aslo
_hbul
044 _axo
_cSK
080 _a886.7-3
100 1 _aMutafčieva, Vera
_4aut
245 1 0 _aChán Asparuch
_cVera Mutafčieva ; Nikolina Urbančíková, Jaroslav Marušiak, Danica Hanáková
250 _a1., vyd.
260 _aKošice
_bVýchodoslovenské vydavateľstvo
_c1986
_eKošice
_fVýchodoslovenské tlačiarne
300 _a301 s., 18,17 AH
_c21 cm
490 0 _aLipa
500 _aIlustr. na tit. liste a front. Vysvetl.
700 1 _aUrbančíková, Nikolina
_4trl
700 1 _aMarušiak, Jaroslav
_4[ADC]
700 1 _aHanáková, Danica
_4bkd
958 _aA
999 _c12181
_d12181